00542nam a2200169 a 4500008004100000020001800041050001900059100002700078245008000105250001600185260003200201300003700233350001100270650002200281650002700303650004200330190715s2012 ||||||||||||||||| || u a9781466503038 aTK 7881.15 Els aEl-Sharkawi, Mohamed A10aElectric energy : an introduction. (3rd edition)cBy Mohamed A. El-Sharkawi a3rd edition aBoca RatonbCRC Pressc2012 axxiii, 581 pages : illustrations a103.64 0aPOWER ELECTRONICS aELECTRIC POWER SYSTEMS aTECHNOLOGY & ENGINEERING / ELECTRICAL